000
00312nam a2200133Ia 4500
005
20260328104331.0
008
260328s9999||||xx |||||||||||||| ||und||
100
_a
Schmidt, Udo
245
0
_a
Building Kitchen Cabinets /
_c
Udo Schmidt
260
_b
Taunton
300
_a
169 p.
650
_a
MADERA
942
_c
BK
999
_c
11710
_d
11710